000 00754cam a22001811 4500
001 000016348
005 20200929164401.0
008 771005s1960 mx 000 0bspa d
040 _aDO-SdBNP
_bspa
_cBNPHU
100 1 _aMontalvo, Juan,
_d1832-1889.
_916611
245 1 0 _aJuan Montalvo /
_cestudios y selecciones de Gonzalo Zaldumbide.
260 _aPuebla, México :
_bJ. M. Cajica,
_c1960.
300 _a578 p. ;
_c22 cm.
490 0 _aBiblioteca ecuatoriana mínima. La colonia y la república.
500 _aA cabeza de tít.: Publicación auspiciada por la Secretaría General de la Undécima Conferencia Interamericana, Quito, Ecuador, 1960
600 1 4 _aMONTALVO, JUAN,
_d1832-1889
_916611
700 1 _aZaldumbide, Gonzalo,
_d1885-1965,
_esel.
_936455
999 _c15883
_d15883